Manufacturing technology vol.-I: (Record no. 157817)
[ view plain ]
| 000 -LEADER | |
|---|---|
| fixed length control field | 00645nam a22002057a 4500 |
| 005 - DATE AND TIME OF LATEST TRANSACTION | |
| control field | 20181003124026.0 |
| 010 ## - LCCN (DPL NO) | |
| LC control number | ENG-124160 |
| 020 ## - INTERNATIONAL STANDARD BOOK NUMBER | |
| International Standard Book Number | 9789353160500 |
| Terms of availability | 625.00 |
| 035 ## - SYSTEM CONTROL NUMBER | |
| System control number | EN-107692 |
| 037 ## - SOURCE OF ACQUISITION | |
| Source of stock number/acquisition | DBAD/PUB. |
| 082 ## - DEWEY DECIMAL CLASSIFICATION NUMBER | |
| Classification number | 671.4 |
| 100 ## - MAIN ENTRY--PERSONAL NAME | |
| Personal name | Rao, P N |
| 245 ## - TITLE STATEMENT | |
| Title | Manufacturing technology vol.-I: |
| Statement of responsibility, etc | by P N Rao |
| Remainder of title | foundry, forming and welding / |
| 250 ## - EDITION STATEMENT | |
| Edition statement | 5th ed. |
| 260 ## - PUBLICATION, DISTRIBUTION, ETC. (IMPRINT) | |
| Name of publisher, distributor, etc | Tata McGraw Hill |
| Date of publication, distribution, etc | 2019 |
| Place of publication, distribution, etc | New Delhi |
| 270 ## - ADDRESS | |
| Address | P-24, Green Park Extnsion |
| City | New Delhi |
| Postal code | 110016 |
| 300 ## - PHYSICAL DESCRIPTION | |
| Extent | various paging |
| Dimensions | 25cm(pbk) |
| Other physical details | ill. |
| 500 ## - GENERAL NOTE | |
| General note | It includes appendix, bibliography and index |
| 942 ## - ADDED ENTRY ELEMENTS (KOHA) | |
| Source of classification or shelving scheme | Dewey Decimal Classification |
| Item type | English Books |
| Call number suffix | RAO |
| Classification part | 671.4 |
| Withdrawn status | Lost status | Not for loan | Collection code | Home library | Current library | Date acquired | Source of acquisition | Cost, normal purchase price | Full call number | Barcode | Copy number | Cost, replacement price | Koha item type |
|---|---|---|---|---|---|---|---|---|---|---|---|---|---|
| Not For Loan | Non-fiction | D.B.Act.Division | Sarojini Nagar | 03/10/2018 | DBAD/PUB | 625.00 | 671.4 RAO | EN-107692 | 1 | 625.00 | English Books |
